| 000 | 00835cam a2200265 a 4500 | ||
|---|---|---|---|
| 008 | |||
| 020 | _a0240802152 (hbk) | ||
| 049 | _aMAIN | ||
| 090 | _aTR898 | ||
| 100 | 1 |
_aKallenberger, Richard H. _q(Richard) |
|
| 245 | 1 | 0 |
_aFilm into video : _ba guide to merging the technologies / _cRichard H. Kallenberger and George D. Cvjetnicanin. |
| 260 |
_aBoston : _bFocal Press , _cc1994. |
||
| 300 |
_axviii, 369 p. : _bill. ; _c26 cm. |
||
| 500 | _aIncludes index. | ||
| 504 | _aIncludes bibliographical references. | ||
| 650 | 0 | _aTelevision film. | |
| 650 | 0 | _aVideo recording. | |
| 650 | 0 | _aMotion picture film. | |
| 700 | 1 | _aCvjetnicanin, George D. | |
| 907 |
_a.b1006820x _b18-11-05 _c17-04-03 |
||
| 003 | |||
| 005 | 20230123133243.0 | ||
| 040 | _cNUST | ||
| 942 |
_cBOOKS _kTR898 |
||
| 999 |
_c145407 _d145407 |
||